[Event "Campeonato de Aragon por Equipos 2026 - "]
[Site "?"]
[Date "2026.01.24"]
[Round "1.67"]
[White "Garcia Alvarez, Sergio"]
[Black "De La Riva Fernandez, Eduardo"]
[Result "1-0"]
[WhiteElo "1865"]
[BlackElo "1862"]
[PlyCount "57"]
[GameId "2271383483591654"]
[EventDate "2026.01.24"]
[WhiteTeam "Actur Rey Fernando"]
[BlackTeam "El Olivar C"]

1. e4 e6 2. d4 d5 3. exd5 exd5 4. c4 c6 5. Nc3 Bb4 6. Nf3 Bg4 7. h3 Qe7+ 8. Be3 Bxf3 9. Qxf3 Nf6 10. Bd3 dxc4 11. Bxc4 O-O 12. O-O Bxc3 13. bxc3 Qe4 14. Be2 Qxf3 15. Bxf3 Nd5 16. Bd2 Nd7 17. c4 N5b6 18. Rfc1 c5 19. Bxb7 Rab8 20. Bc6 Rbc8 21. Bxd7 Nxd7 22. Be3 cxd4 23. Bxd4 a6 24. c5 Nb8 25. Rab1 Rc6 26. Rb7 a5 27. Rcb1 Na6 28. R7b6 Nb4 29. R1xb4 1-0

[Event "Campeonato de Aragon por Equipos 2026 - "]
[Site "?"]
[Date "2026.01.24"]
[Round "1.68"]
[White "Marco Garcia, Francho"]
[Black "Villalba Abad, David"]
[Result "1-0"]
[WhiteElo "1800"]
[BlackElo "1831"]
[PlyCount "129"]
[GameId "2271383483591655"]
[EventDate "2026.01.24"]
[WhiteTeam "El Olivar C"]
[BlackTeam "Actur Rey Fernando"]

1. e4 c6 2. d4 d5 3. Nc3 dxe4 4. Nxe4 Nf6 5. Nxf6+ exf6 6. c3 Bd6 7. Bd3 Be6 8. Ne2 Qc7 9. Be3 Bd5 10. f4 O-O 11. Qd2 Re8 12. O-O b5 13. b3 Qe7 14. Bf2 Nd7 15. Ng3 g6 16. c4 bxc4 17. bxc4 Be6 18. f5 Bxg3 19. Bxg3 Bxf5 20. Bxf5 gxf5 21. Rae1 Qf8 22. Rxf5 Rxe1+ 23. Qxe1 Re8 24. Qb1 Qa3 25. Bf2 Re2 26. Rh5 Qxa2 27. Qxh7+ Kf8 28. Qh6+ Ke7 29. Qc1 c5 30. Rh3 cxd4 31. Ra3 Qc2 32. Qxc2 Rxc2 33. Bxd4 Rxc4 34. Bxa7 Ne5 35. h3 Ke6 36. Bf2 Kf5 37. Bg3 Rd4 38. Ra5 Re4 39. Bf2 Kg6 40. Ra3 Kg7 41. Rg3+ Kh7 42. Ra3 Kg7 43. Kh2 Re2 44. Kg3 Re4 45. Re3 Rxe3+ 46. Bxe3 Kg6 47. Kf4 Nd3+ 48. Ke4 Ne5 49. g4 Nc4 50. Bf4 Nb6 51. h4 Nd7 52. h5+ Kg7 53. Kf5 Kh7 54. Be3 Ne5 55. Bd4 Nf3 56. Bxf6 Kg8 57. Bc3 Nh4+ 58. Kg5 Nf3+ 59. Kf4 Ng1 60. Ke3 Kh7 61. Bd2 Nh3 62. Kf3 f5 63. gxf5 Ng1+ 64. Kf2 Nh3+ 65. Kg2 1-0

[Event "Campeonato de Aragon por Equipos 2026 - "]
[Site "?"]
[Date "2026.01.24"]
[Round "1.69"]
[White "Gomez Calomarde, Saul"]
[Black "Carruez Berges, Santiago"]
[Result "1-0"]
[WhiteElo "2093"]
[BlackElo "1922"]
[PlyCount "83"]
[GameId "2271383483591656"]
[EventDate "2026.01.24"]
[WhiteTeam "Teruel B"]
[BlackTeam "Agrupacion B"]

1. Nf3 d6 2. c4 g6 3. g3 Bg7 4. Bg2 Nf6 5. Nc3 O-O 6. Rb1 e5 7. d3 Re8 8. Bg5 h6 9. Bd2 c6 10. Qc1 Kh7 11. e4 Bg4 12. h3 Bxf3 13. Bxf3 Nbd7 14. g4 Nc5 15. Be2 Ne6 16. h4 Ng8 17. g5 h5 18. Qd1 Ne7 19. O-O Kg8 20. f4 exf4 21. Bxf4 Bd4+ 22. Kh1 Nxf4 23. Rxf4 Qd7 24. Qf1 Rf8 25. Bd1 Be5 26. Rf3 Kg7 27. Ne2 c5 28. Qh3 Qxh3+ 29. Rxh3 f6 30. d4 cxd4 31. Rd3 fxg5 32. Nxd4 Bxd4 33. Rxd4 gxh4 34. Bb3 Rf6 35. c5 Nc8 36. e5 dxe5 37. Rd7+ Kh6 38. Rxb7 Rc6 39. Rc1 Nb6 40. Rc3 Nc8 41. Bd5 Rf6 42. Rbb3 1-0

[Event "Campeonato de Aragon por Equipos 2026 - "]
[Site "?"]
[Date "2026.01.24"]
[Round "1.70"]
[White "Serrat Claver, David"]
[Black "Romo Blasco, Adrian"]
[Result "1/2-1/2"]
[WhiteElo "1920"]
[BlackElo "1972"]
[PlyCount "88"]
[GameId "2271383483653097"]
[EventDate "2026.01.24"]
[WhiteTeam "Agrupacion B"]
[BlackTeam "Teruel B"]

1. e4 c5 2. Nf3 g6 3. d4 cxd4 4. Nxd4 Nc6 5. c4 Bg7 6. Be3 Nf6 7. Nc3 O-O 8. Be2 d6 9. f3 Bd7 10. Qd2 Nxd4 11. Bxd4 Bc6 12. O-O-O a6 13. Kb1 Nd7 14. Bxg7 Kxg7 15. h4 h6 16. g4 Qa5 17. f4 f6 18. Qd4 Qc5 19. Bf3 Qxd4 20. Rxd4 g5 21. f5 a5 22. Nd5 Bxd5 23. exd5 a4 24. Bd1 Nc5 25. Rh3 Rfc8 26. Ra3 Ra6 27. h5 Kf7 28. b4 axb3 29. Rxa6 bxa6 30. axb3 Rb8 31. Ka2 Ke8 32. Bc2 Kd8 33. Rd1 Kc7 34. Re1 Kd8 35. Ka3 Nd7 36. Bd1 Ne5 37. Be2 a5 38. Ra1 Kc7 39. Kb2 Kb6 40. Kc3 Rb7 41. Ra3 Nd7 42. Bd3 Ra7 43. Ra1 Kc5 44. Ra3 Ne5 1/2-1/2

[Event "Campeonato de Aragon por Equipos 2026 - "]
[Site "?"]
[Date "2026.01.24"]
[Round "1.71"]
[White "Alonso Roche, Cesar"]
[Black "Guerra Perez, Rafael"]
[Result "0-1"]
[WhiteElo "1676"]
[BlackElo "1896"]
[PlyCount "92"]
[GameId "2271383483653098"]
[EventDate "2026.01.24"]
[WhiteTeam "Teruel B"]
[BlackTeam "Agrupacion B"]

1. e4 e6 2. f4 d5 3. d3 dxe4 4. dxe4 Qxd1+ 5. Kxd1 Bc5 6. Bd3 Nf6 7. Ke2 Nc6 8. c3 e5 9. Nf3 Bg4 10. h3 Bxf3+ 11. Kxf3 O-O-O 12. Rd1 Rhe8 13. f5 h6 14. Be3 Bxe3 15. Kxe3 Nh5 16. Na3 Nf4 17. Bf1 g5 18. Kf3 Nh5 19. Be2 Nf6 20. Rxd8+ Rxd8 21. Rd1 Rg8 22. g4 h5 23. Bb5 Nd8 24. Nc4 a6 25. Ba4 b5 26. Nxe5 bxa4 27. Rd4 Re8 28. Nd3 hxg4+ 29. hxg4 a3 30. bxa3 Nc6 31. Ra4 a5 32. Nc5 Rh8 33. Kg3 Rh4 34. e5 Nxe5 35. Rxa5 Rxg4+ 36. Kf2 Ne4+ 37. Ke2 Nxc5 38. Rxc5 f6 39. Ra5 Rg2+ 40. Kf1 Rxa2 41. Ra6 c6 42. Ra8+ Kc7 43. a4 Rc2 44. a5 Kb7 45. Rf8 Ng4 46. Rf7+ Ka6 0-1

[Event "Cto por Equipos de Aragon Division de Ho"]
[Site "?"]
[Date "2026.01.31"]
[Round "2.1"]
[White "Quintin Navarro, Alberto"]
[Black "Lana Rodriguez, David"]
[Result "1-0"]
[WhiteElo "2360"]
[BlackElo "2340"]
[PlyCount "53"]
[GameId "2276814096414428"]
[EventDate "2026.01.24"]
[WhiteTeam "MyInvestor Casablanca A"]
[BlackTeam "Marcos Frechin"]

1. d4 d5 2. c4 dxc4 3. Nf3 Nf6 4. e3 e6 5. Bxc4 c5 6. O-O Nc6 7. Nc3 a6 8. Qe2 cxd4 9. Rd1 d3 10. Bxd3 Qc7 11. b3 Bd6 12. Bb2 O-O 13. Ne4 Be7 14. Nxf6+ Bxf6 15. Bxf6 gxf6 16. Rac1 Qe7 17. Be4 Ne5 18. Nxe5 fxe5 19. Bxh7+ Kxh7 20. Qh5+ Kg8 21. Rc4 e4 22. Rxe4 f5 23. Rh4 Qg7 24. Rh3 f4 25. exf4 Rf5 26. Rd8+ Rf8 27. Rg3 1-0

[Event "Cto por Equipos de Aragon Division de Ho"]
[Site "?"]
[Date "2026.01.31"]
[Round "2.2"]
[White "Hinojar Basa, Alfonso"]
[Black "Adla, Diego"]
[Result "1/2-1/2"]
[WhiteElo "2152"]
[BlackElo "2379"]
[PlyCount "72"]
[GameId "2276814096422621"]
[EventDate "2026.01.24"]
[WhiteTeam "Marcos Frechin"]
[BlackTeam "MyInvestor Casablanca A"]

1. e4 c5 2. Nf3 d6 3. d4 Nf6 4. Nc3 cxd4 5. Nxd4 a6 6. Be2 e5 7. Nb3 Be7 8. Be3 Be6 9. Nd5 Nbd7 10. Qd3 Bxd5 11. exd5 Rc8 12. c4 O-O 13. O-O a5 14. Rac1 Nc5 15. Qc3 b6 16. Nxc5 bxc5 17. Bd1 Rb8 18. Ba4 Ng4 19. Bd2 Bg5 20. h3 Bxd2 21. Qxd2 Nf6 22. f4 exf4 23. Rxf4 Nd7 24. Bxd7 Qxd7 25. Rcf1 a4 26. Re4 Rfe8 27. Rfe1 Rxe4 28. Rxe4 h6 29. Qf2 Qd8 30. h4 Rb7 31. Qc2 f5 32. Re6 Qxh4 33. Qxf5 Qd4+ 34. Kh2 Qh4+ 35. Kg1 Qd4+ 36. Kh2 Qh4+ 1/2-1/2

[Event "Cto por Equipos de Aragon Division de Ho"]
[Site "?"]
[Date "2026.01.31"]
[Round "2.3"]
[White "Glavina, Pablo"]
[Black "Sanz Pueyo, Adrian"]
[Result "1-0"]
[WhiteElo "2341"]
[BlackElo "2083"]
[PlyCount "53"]
[GameId "2276814096426718"]
[EventDate "2026.01.24"]
[WhiteTeam "MyInvestor Casablanca A"]
[BlackTeam "Marcos Frechin"]

1. e4 e6 2. d4 d5 3. Nd2 c5 4. exd5 Qxd5 5. dxc5 Bxc5 6. Ngf3 Nc6 7. Bc4 Qd7 8. Qe2 Nf6 9. Ne4 Nxe4 10. Qxe4 Bd6 11. Be3 Qc7 12. O-O-O O-O 13. Ng5 g6 14. Qh4 h5 15. Rxd6 Qxd6 16. Ne4 Qd8 17. Nf6+ Kg7 18. Rd1 Qa5 19. Bd2 Qc5 20. Bc3 e5 21. Nxh5+ gxh5 22. Qg5+ Kh7 23. Qxh5+ Kg8 24. Qg6+ Kh8 25. Bxf7 Rxf7 26. Qxf7 Bg4 27. Qf6+ 1-0

[Event "Cto por Equipos de Aragon Division de Ho"]
[Site "?"]
[Date "2026.01.31"]
[Round "2.4"]
[White "Moya Gimeno, Raul"]
[Black "Atares Buisan, Sergio"]
[Result "0-1"]
[WhiteElo "2001"]
[BlackElo "2193"]
[PlyCount "66"]
[GameId "2276814096434911"]
[EventDate "2026.01.24"]
[WhiteTeam "Marcos Frechin"]
[BlackTeam "MyInvestor Casablanca A"]

1. e4 c5 2. Nf3 e6 3. d3 Nc6 4. g3 g6 5. Bg2 Bg7 6. O-O Nge7 7. Re1 d6 8. c3 e5 9. Nbd2 O-O 10. Nf1 h6 11. Ne3 Be6 12. Nh4 d5 13. Qe2 d4 14. Ng4 g5 15. Nf5 Nxf5 16. exf5 Bxf5 17. Bxc6 bxc6 18. c4 h5 19. Nxe5 Re8 20. Qxh5 Rxe5 21. Bxg5 Qe8 22. Rxe5 Qxe5 23. Bf4 Qe6 24. b3 Re8 25. h4 Qg6 26. Qf3 Bxd3 27. h5 Qe4 28. Qg4 Qf5 29. Qf3 Be4 30. Qd1 d3 31. Rc1 Qh3 32. f3 Bd4+ 33. Be3 Bxe3# 0-1

[Event "Cto por Equipos de Aragon Division de Ho"]
[Site "?"]
[Date "2026.01.31"]
[Round "2.5"]
[White "Villuendas Valero, Adrian"]
[Black "Lopez Gracia, Fernando"]
[Result "1-0"]
[WhiteElo "2288"]
[BlackElo "2229"]
[PlyCount "55"]
[GameId "2276814096443104"]
[EventDate "2026.01.24"]
[WhiteTeam "Aulazenter"]
[BlackTeam "Iberajedrez Mundo 64"]

1. d4 Nf6 2. c4 e6 3. Nc3 Bb4 4. e3 O-O 5. Bd2 d5 6. Nf3 b6 7. cxd5 exd5 8. Rc1 a6 9. Bd3 Bd6 10. O-O Bb7 11. Ne5 c5 12. Ne2 Re8 13. f4 Nbd7 14. Ng3 c4 15. Bb1 b5 16. Qf3 Qc7 17. Nh5 g6 18. Nxf6+ Nxf6 19. f5 Bxe5 20. dxe5 Ne4 21. Bxe4 dxe4 22. Qf2 Rxe5 23. Bc3 Rxf5 24. Qh4 Qd8 25. Bf6 Qd2 26. Bd4 Rc8 27. Rxf5 Qxc1+ 28. Rf1 1-0

[Event "Cto por Equipos de Aragon Division de Ho"]
[Site "?"]
[Date "2026.01.31"]
[Round "2.6"]
[White "Villalba Embid, Marcos"]
[Black "Asensio Asensio, Nicolas"]
[Result "1/2-1/2"]
[WhiteElo "2223"]
[BlackElo "2220"]
[PlyCount "137"]
[GameId "2276814096447201"]
[EventDate "2026.01.24"]
[WhiteTeam "Iberajedrez Mundo 64"]
[BlackTeam "Aulazenter"]

1. e4 e5 2. d4 exd4 3. Qxd4 Nc6 4. Qe3 Nf6 5. Nc3 Bb4 6. Bd2 O-O 7. O-O-O Re8 8. Bc4 d6 9. f3 Be6 10. Bxe6 fxe6 11. Nge2 d5 12. Qf2 d4 13. Bg5 Bxc3 14. Nxc3 Qe7 15. Bxf6 Qxf6 16. Ne2 e5 17. Kb1 a5 18. Rhf1 Re7 19. f4 exf4 20. Nxf4 Rxe4 21. Qg3 Re3 22. Nd5 Qxf1 23. Nxe3 Qf7 24. Rf1 Qd7 25. Nf5 Kh8 26. Qa3 h6 27. g4 Re8 28. Qg3 Qe6 29. a3 Qe2 30. Rg1 Qe5 31. Qh3 Ne7 32. Nh4 Qe3 33. Qg2 d3 34. cxd3 Qxd3+ 35. Ka1 Nd5 36. g5 Ne3 37. Qg3 Nc2+ 38. Ka2 Qxg3 39. Rxg3 Nd4 40. gxh6 gxh6 41. Ng6+ Kh7 42. Nf4 Rf8 43. Nd5 c6 44. Nc3 b5 45. Rg4 c5 46. Ne4 Ne6 47. Nd6 b4 48. Nc4 Rf3 49. Nxa5 bxa3 50. bxa3 Rf2+ 51. Kb3 Rxh2 52. Re4 Nd4+ 53. Kc4 Rc2+ 54. Kd5 Kg6 55. Nc4 Nf3 56. Rf4 Ne1 57. Rg4+ Kf6 58. Rg3 h5 59. Kxc5 h4 60. Rg1 Nd3+ 61. Kd4 Nf2 62. Nd6 h3 63. Ne4+ Nxe4 64. Kxe4 Rf2 65. Rh1 h2 66. Ke3 Ra2 67. Kf3 Kg5 68. Kg3 Rxa3+ 69. Kxh2 1/2-1/2

[Event "Cto por Equipos de Aragon Division de Ho"]
[Site "?"]
[Date "2026.01.31"]
[Round "2.7"]
[White "Iravedra Iankov, Francisco"]
[Black "Eizaguerri Floris, Maria"]
[Result "1/2-1/2"]
[WhiteElo "2070"]
[BlackElo "2161"]
[PlyCount "139"]
[GameId "2276814096455394"]
[EventDate "2026.01.24"]
[WhiteTeam "Aulazenter"]
[BlackTeam "Iberajedrez Mundo 64"]

1. e4 c5 2. c3 d5 3. exd5 Qxd5 4. d4 Nc6 5. Nf3 Bg4 6. dxc5 Qxd1+ 7. Kxd1 Nf6 8. Be3 O-O-O+ 9. Kc2 Bf5+ 10. Kc1 Nd5 11. Bc4 Nxe3 12. fxe3 e6 13. b4 Be7 14. a3 Bf6 15. Kb2 Ne5 16. Nbd2 Rxd2+ 17. Nxd2 Rd8 18. Rad1 Rxd2+ 19. Rxd2 Nxc4+ 20. Kc1 Nxe3 21. Rf2 Bxc3 22. h3 Bg6 23. g4 Kc7 24. Rg1 Nd5 25. Rgf1 f6 26. h4 Bd4 27. Rf3 e5 28. g5 e4 29. Rh3 e3 30. h5 Be4 31. gxf6 gxf6 32. Rh4 e2 33. Re1 Be3+ 34. Kb2 Bd3 35. Rh2 Nf4 36. Kc3 Kc6 37. Rh4 Ba6 38. a4 Nd5+ 39. Kc2 Nxb4+ 40. Rxb4 Bf2 41. Kd2 Bxe1+ 42. Kxe1 Kxc5 43. Rf4 Bd3 44. Rxf6 b5 45. axb5 Kxb5 46. Rd6 Kc4 47. Kd2 a5 48. Rc6+ Kb4 49. Re6 Kc4 50. Rc6+ Kb4 51. Rc1 Bb5 52. Rb1+ Kc5 53. Rg1 a4 54. Rg7 h6 55. Rg1 a3 56. Kc3 Ba4 57. Ra1 Bd1 58. Kd2 Kb4 59. Rb1+ Kc4 60. Rc1+ Kb3 61. Rb1+ Ka4 62. Ra1 e1=Q+ 63. Kxe1 Bxh5 64. Kd2 Kb3 65. Rb1+ Ka4 66. Rb7 Bf3 67. Rf7 Bd5 68. Rd7 Kb4 69. Kc1 a2 70. Kb2 1/2-1/2

[Event "Cto por Equipos de Aragon Division de Ho"]
[Site "?"]
[Date "2026.01.31"]
[Round "2.8"]
[White "Garcia Acin, Pablo"]
[Black "Torrente Gayarre, Lorenzo"]
[Result "1-0"]
[WhiteElo "2066"]
[BlackElo "1956"]
[PlyCount "83"]
[GameId "2276814096463587"]
[EventDate "2026.01.24"]
[WhiteTeam "Iberajedrez Mundo 64"]
[BlackTeam "Aulazenter"]

1. e4 c6 2. Nc3 d5 3. Nf3 dxe4 4. Nxe4 Nf6 5. Qe2 Nxe4 6. Qxe4 Qd5 7. Qh4 Qe6+ 8. Be2 Qg4 9. Qg3 Qxg3 10. hxg3 Bf5 11. b3 Nd7 12. Bb2 e6 13. O-O-O h6 14. Rdf1 O-O-O 15. Ng5 Bg6 16. Bd3 Re8 17. Bxg6 fxg6 18. Re1 Bc5 19. Ne4 Rhg8 20. Re2 Be7 21. g4 g5 22. Rhe1 Nf8 23. Ng3 Bc5 24. Nf5 Ng6 25. Rxe6 Kd7 26. Rxe8 Rxe8 27. Rxe8 Kxe8 28. Bxg7 Bxf2 29. Bxh6 Ne5 30. Bxg5 Kd7 31. Ne3 Ke6 32. Bf4 Ng6 33. Bb8 a6 34. Kd1 Bh4 35. Ke2 Bd8 36. g3 Kf6 37. Kf3 b5 38. Bf4 Nf8 39. g5+ Kg6 40. Ng4 c5 41. Ne5+ Kg7 42. Ke4 1-0

[Event "Cto por Equipos de Aragon Division de Ho"]
[Site "?"]
[Date "2026.01.31"]
[Round "2.9"]
[White "Lorente Melcon, Maximo"]
[Black "Del Rey, Diego"]
[Result "0-1"]
[WhiteElo "2301"]
[BlackElo "2282"]
[PlyCount "86"]
[GameId "2276814096467684"]
[EventDate "2026.01.24"]
[WhiteTeam "MyInvestor Casablanca B"]
[BlackTeam "El Olivar"]

1. c4 e6 2. g3 d5 3. Bg2 d4 4. d3 Nc6 5. Nf3 Bc5 6. O-O Nf6 7. Na3 O-O 8. Nc2 a5 9. Bd2 e5 10. a3 a4 11. Nb4 Qd6 12. Nxc6 bxc6 13. h3 Bd7 14. Qc2 Nh5 15. Bb4 f5 16. Bxc5 Qxc5 17. Nd2 Kh8 18. Rfb1 Nf6 19. b4 axb3 20. Nxb3 Qe7 21. a4 h5 22. Nd2 h4 23. gxh4 Nh5 24. Nf3 Nf4 25. Rb7 Bc8 26. Rb2 Nxg2 27. Kxg2 c5 28. a5 Bd7 29. Ng5 Ra6 30. Rab1 Rxa5 31. Rb8 Ra8 32. Rxa8 Rxa8 33. Qb2 Bc6+ 34. Kf1 e4 35. Ra1 Rf8 36. Ra6 Bd7 37. Qa3 Qe5 38. Ke1 e3 39. f3 Qg3+ 40. Kd1 Rb8 41. Qc1 Qf2 42. Qa1 Qf1+ 43. Kc2 Qxe2+ 0-1

[Event "Cto por Equipos de Aragon Division de Ho"]
[Site "?"]
[Date "2026.01.31"]
[Round "2.10"]
[White "Galstyan, David"]
[Black "Conon, Catalin"]
[Result "1/2-1/2"]
[WhiteElo "2248"]
[BlackElo "2214"]
[PlyCount "60"]
[GameId "2276814096475877"]
[EventDate "2026.01.24"]
[WhiteTeam "El Olivar"]
[BlackTeam "MyInvestor Casablanca B"]

1. e4 e5 2. Nf3 Nc6 3. Bb5 Nf6 4. O-O Nxe4 5. Re1 Nd6 6. Nxe5 Be7 7. Bf1 Nxe5 8. Rxe5 O-O 9. Nc3 Bf6 10. Re1 Re8 11. Nd5 c6 12. Nxf6+ Qxf6 13. d3 Rxe1 14. Qxe1 b6 15. Qe3 Bb7 16. Qf4 Qg6 17. Bd2 Re8 18. Re1 Rxe1 19. Bxe1 Qe6 20. Bc3 c5 21. d4 h6 22. dxc5 bxc5 23. Qe5 Qxe5 24. Bxe5 Nc8 25. a4 d6 26. Bg3 Kf8 27. f3 Ke7 28. Kf2 Nb6 29. a5 Nd5 30. Bd3 Nb4 1/2-1/2

[Event "Cto por Equipos de Aragon Division de Ho"]
[Site "?"]
[Date "2026.01.31"]
[Round "2.11"]
[White "Jaime Galeano, Alcher"]
[Black "Miranda Herrera, Miguel"]
[Result "0-1"]
[WhiteElo "2081"]
[BlackElo "2177"]
[PlyCount "60"]
[GameId "2276814096484070"]
[EventDate "2026.01.24"]
[WhiteTeam "MyInvestor Casablanca B"]
[BlackTeam "El Olivar"]

1. e4 c5 2. Nf3 Nc6 3. d4 cxd4 4. Nxd4 Nf6 5. Nc3 h5 6. Bc4 e6 7. Ndb5 d6 8. Bf4 e5 9. Bg5 a6 10. Na3 b5 11. Bxf6 gxf6 12. Bd5 Bd7 13. Ne2 Rc8 14. Ng3 Ne7 15. c3 h4 16. Nf5 Nxf5 17. exf5 Bxf5 18. Qf3 Bd7 19. Be4 h3 20. g3 b4 21. Nc2 bxc3 22. bxc3 Qc7 23. O-O Qxc3 24. Qxf6 Rh6 25. Qg5 f5 26. Bb7 Rc7 27. Bd5 Rc5 28. Ne3 Rxd5 29. Nxd5 Qf3 30. Ne3 Bc6 0-1

[Event "Cto por Equipos de Aragon Division de Ho"]
[Site "?"]
[Date "2026.01.31"]
[Round "2.12"]
[White "Munoz Valles, Jorge"]
[Black "Lorente Melcon, Hector"]
[Result "1-0"]
[WhiteElo "2076"]
[BlackElo "2070"]
[PlyCount "99"]
[GameId "2276814096488167"]
[EventDate "2026.01.24"]
[WhiteTeam "El Olivar"]
[BlackTeam "MyInvestor Casablanca B"]

1. d4 Nf6 2. c4 e6 3. Nf3 d5 4. Nc3 Be7 5. Bg5 O-O 6. e3 b6 7. cxd5 Nxd5 8. Bxe7 Qxe7 9. Nxd5 exd5 10. Bd3 Be6 11. O-O c5 12. dxc5 bxc5 13. Rc1 Nd7 14. Qc2 h6 15. h3 Rab8 16. Qc3 Rfc8 17. Rfd1 Nb6 18. b3 c4 19. bxc4 Nxc4 20. Bxc4 Rxc4 21. Qe5 Rbc8 22. Rxc4 dxc4 23. Nd4 Qd7 24. Rc1 Qd5 25. Qxd5 Bxd5 26. f3 Kf8 27. Kf2 g6 28. e4 Bb7 29. Ke3 Ke7 30. Nb5 Rc5 31. Nc3 Ke6 32. Rb1 Ba6 33. Kd4 Ra5 34. Rb8 f5 35. e5 h5 36. Rf8 Bb5 37. Rf6+ Ke7 38. Rxg6 Be8 39. Rf6 Bd7 40. f4 Be6 41. Rg6 Ra6 42. Rg7+ Ke8 43. Rg5 Rb6 44. g4 hxg4 45. hxg4 Rb2 46. gxf5 Rd2+ 47. Kc5 Rd3 48. fxe6 Rxc3 49. f5 Kf8 50. f6 1-0

[Event "Cto por Equipos de Aragon Division de Ho"]
[Site "?"]
[Date "2026.01.31"]
[Round "2.13"]
[White "Chueca Forcen, Alberto"]
[Black "Escartin Lacasa, Jose"]
[Result "1/2-1/2"]
[WhiteElo "2283"]
[BlackElo "2292"]
[PlyCount "51"]
[GameId "2276814096496360"]
[EventDate "2026.01.24"]
[WhiteTeam "Teruel"]
[BlackTeam "Jaque - Aramovil"]

1. d4 Nf6 2. c4 g6 3. Nc3 d5 4. cxd5 Nxd5 5. e4 Nxc3 6. bxc3 Bg7 7. Nf3 c5 8. Be3 Qa5 9. Qd2 O-O 10. Rc1 Bg4 11. d5 b5 12. Be2 Nd7 13. O-O Rfd8 14. h3 Bxf3 $1 15. Bxf3 c4 16. Be2 Qa3 17. f4 e6 $6 18. dxe6 fxe6 19. Bg4 $6 Nc5 20. Bxc5 $2 Qxc5+ 21. Qf2 Qxf2+ 22. Rxf2 Kf7 23. f5 $2 exf5 24. exf5 Bf6 25. fxg6+ hxg6 26. a4 1/2-1/2

[Event "Cto por Equipos de Aragon Division de Ho"]
[Site "?"]
[Date "2026.01.31"]
[Round "2.14"]
[White "Calvo Simon, Jorge"]
[Black "Cabrera Moreno, Daniel"]
[Result "0-1"]
[WhiteElo "2178"]
[BlackElo "2138"]
[PlyCount "116"]
[GameId "2276814096504553"]
[EventDate "2026.01.24"]
[WhiteTeam "Jaque - Aramovil"]
[BlackTeam "Teruel"]

1. e4 e5 2. Nf3 Nc6 3. Bc4 Bc5 4. c3 Nf6 5. d3 d6 6. Nbd2 O-O 7. O-O a5 8. a4 h6 9. Re1 Be6 10. Bb3 Re8 11. Nf1 d5 12. exd5 Bxd5 13. Be3 Bf8 14. Ng3 Qd7 15. Bc2 Rad8 16. Qe2 Qg4 17. Nd2 Qxe2 18. Rxe2 Ng4 19. Rae1 Nxe3 20. Rxe3 f6 21. Nb3 Bf7 22. Ne4 b6 23. g4 Ne7 24. d4 Nd5 25. Rf3 Nf4 26. dxe5 fxe5 27. Rfe3 Bc4 28. Nbd2 Bd5 29. g5 h5 30. h4 Bd6 31. Kh2 Rf8 32. f3 Rd7 33. Bb3 Bxb3 34. Nxb3 Ng6 35. Kg3 Rf4 36. Rh1 Ne7 37. Rd3 Nf5+ 38. Kf2 Nxh4 39. Nc1 Rdf7 40. Ke2 Nxf3 41. Nxd6 cxd6 42. Rxd6 Re4+ 43. Kd3 Re1 44. Rxe1 Nxe1+ 45. Ke4 h4 46. g6 Rf6 47. Rd1 Ng2 48. Rd8+ Rf8 49. Rxf8+ Kxf8 50. Kxe5 h3 51. Ne2 h2 52. Ng3 Ke7 53. b4 Nh4 54. b5 Nxg6+ 55. Kd5 Kd7 56. c4 Nf4+ 57. Ke4 Ne2 58. Nh1 Nc3+ 0-1

[Event "Cto por Equipos de Aragon Division de Ho"]
[Site "?"]
[Date "2026.01.31"]
[Round "2.15"]
[White "Dominguez Bujeda, Jesus"]
[Black "Ereza Vizcarra, Fernando"]
[Result "0-1"]
[WhiteElo "2064"]
[BlackElo "2151"]
[PlyCount "64"]
[GameId "2276814096512746"]
[EventDate "2026.01.24"]
[WhiteTeam "Teruel"]
[BlackTeam "Jaque - Aramovil"]

1. c4 c6 2. Nc3 d5 3. d4 Nf6 4. Nf3 dxc4 5. e4 b5 6. e5 Nd5 7. a4 e6 8. Ng5 Nxc3 9. bxc3 Bb7 10. Qh5 Qd7 11. Nxh7 Kd8 12. Nxf8 Rxh5 13. Nxd7 Nxd7 14. Be2 Rh8 15. Bf3 Kc8 16. Rb1 a6 17. Be3 Nb6 18. d5 Nxd5 19. Bxd5 cxd5 20. O-O Bc6 21. a5 Kd7 22. f4 Rh5 23. Bd4 Rah8 24. h3 Ke8 25. Rf3 Kd7 26. Rbf1 g6 27. Rb1 Rh4 28. Bf2 d4 29. Bxh4 Rxh4 30. Rf2 dxc3 31. Rd1+ Bd5 32. f5 gxf5 0-1

[Event "Cto por Equipos de Aragon Division de Ho"]
[Site "?"]
[Date "2026.01.31"]
[Round "2.16"]
[White "Montoro Mavilla, Sergio"]
[Black "Gomez Calomarde, Saul"]
[Result "1-0"]
[WhiteElo "1962"]
[BlackElo "2093"]
[PlyCount "74"]
[GameId "2276814096516843"]
[EventDate "2026.01.24"]
[WhiteTeam "Jaque - Aramovil"]
[BlackTeam "Teruel"]

1. e4 e6 2. d4 d5 3. Nc3 dxe4 4. Nxe4 Bd7 5. Nf3 Bc6 6. Bd3 Nd7 7. O-O Ngf6 8. Neg5 Bxf3 9. Qxf3 c6 10. Re1 Be7 11. Bd2 O-O 12. Qh3 g6 13. Bc4 Re8 14. Bxe6 fxe6 15. Qxe6+ Kg7 16. Qf7+ Kh8 17. Ne6 Rg8 18. Bh6 Bf8 19. Bxf8 Qxf8 20. Nxf8 Rgxf8 21. Qb3 b5 22. a4 bxa4 23. Qxa4 Nd5 24. Qxc6 N7b6 25. c3 Kg7 26. Qd6 Rf7 27. c4 Rd7 28. Qe5+ Nf6 29. b3 Re8 30. Qf4 Rf8 31. Qd2 h5 32. Re2 Rff7 33. Rae1 Ng4 34. d5 Nh6 35. Qg5 Rf5 36. Re7+ Nf7 37. Qd2 Rd8 1-0

[Event "Cto por Equipos de Aragon Division de Ho"]
[Site "?"]
[Date "2026.01.31"]
[Round "2.17"]
[White "Cid Royo, Jonathan"]
[Black "Llorente Zaro, Alfonso"]
[Result "0-1"]
[WhiteElo "2128"]
[BlackElo "2427"]
[PlyCount "54"]
[GameId "2276814096525036"]
[EventDate "2026.01.24"]
[WhiteTeam "L'Aurora Estadilla M64"]
[BlackTeam "Agrupacion"]

1. e4 e5 2. Nf3 d6 3. d4 exd4 4. Nxd4 Nf6 5. Nc3 Be7 6. Bd3 Nc6 7. Nxc6 bxc6 8. O-O O-O 9. Ne2 Re8 10. Nd4 Bd7 11. c3 Bf8 12. Re1 c5 13. Nf5 Bxf5 14. exf5 Rxe1+ 15. Qxe1 Qd7 16. Qd1 Re8 17. Bf4 d5 18. Qf3 Bd6 19. Rd1 c4 20. Bb1 Bxf4 21. Qxf4 Re2 22. b3 Qe7 23. Kf1 h5 24. h3 cxb3 25. axb3 Rb2 26. Qf3 Qe5 27. c4 Qh2 0-1

[Event "Cto por Equipos de Aragon Division de Ho"]
[Site "?"]
[Date "2026.01.31"]
[Round "2.18"]
[White "Remiro Juste, Fernando Jose"]
[Black "Cid Royo, Oscar"]
[Result "1-0"]
[WhiteElo "2208"]
[BlackElo "1987"]
[PlyCount "69"]
[GameId "2276814096529133"]
[EventDate "2026.01.24"]
[WhiteTeam "Agrupacion"]
[BlackTeam "L'Aurora Estadilla M64"]

1. Nf3 d5 2. g3 c6 3. Bg2 Nf6 4. O-O Bf5 5. d3 h6 6. Nfd2 e5 7. e4 dxe4 8. dxe4 Bg4 9. Qe1 Nbd7 10. h3 Be6 11. f4 exf4 12. gxf4 Nb6 13. f5 Bc4 14. Nxc4 Nxc4 15. Bf4 Qd4+ 16. Kh1 O-O-O 17. c3 Qd3 18. b3 Nb6 19. a4 Re8 20. Nd2 Qxc3 21. Rc1 Qa5 22. Qf2 Bb4 23. Nc4 Nxc4 24. Rxc4 Bc3 25. b4 Bxb4 26. Rb1 Be7 27. Rxc6+ bxc6 28. Rb8+ Kd7 29. Rb7+ Kc8 30. Rb8+ Kd7 31. Qd4+ Nd5 32. exd5 c5 33. Rb7+ Kc8 34. Qb2 Qa6 35. Rc7+ 1-0